| Tag |
First Indicator |
Second Indicator |
Subfields |
| LEADER |
00000cam a2200000 a 4500 |
| 001 |
in00000019425 |
| 005 |
20151007053618.0 |
| 008 |
870421s1987 nyu 00011 eng |
| 010 |
|
|
|a 87013145
|
| 020 |
|
|
|a 039913297X
|
| 035 |
|
|
|a (OCoLC)15792802
|
| 035 |
|
|
|9 AAB2234AM
|
| 040 |
|
|
|a DLC
|c DLC
|d TXA
|d UtOrBLW
|
| 049 |
|
|
|a TXAM
|c [A11466915]
|
| 050 |
0 |
0 |
|a PS3558.I217
|b D6 1987
|
| 082 |
0 |
|
|a 813/.54
|2 19
|
| 100 |
1 |
|
|a Hiaasen, Carl.
|
| 245 |
1 |
0 |
|a Double whammy /
|c Carl Hiaasen.
|
| 264 |
|
1 |
|a New York :
|b Putnam's,
|c [1987]
|
| 264 |
|
4 |
|c ©1987
|
| 300 |
|
|
|a 320 pages ;
|c 24 cm.
|
| 336 |
|
|
|a text
|b txt
|2 rdacontent
|
| 337 |
|
|
|a unmediated
|b n
|2 rdamedia
|
| 338 |
|
|
|a volume
|b nc
|2 rdacarrier
|
| 999 |
|
|
|a MARS
|
| 999 |
f |
f |
|s 0b11875e-a809-3dc1-a70e-2d701b8c19c7
|i 0808f340-73a4-34e2-8687-35a80130eb69
|t 0
|
| 952 |
f |
f |
|p normal
|a Texas A&M University
|b College Station
|c Sterling C. Evans Library
|d Evans: Library Stacks
|t 0
|e PS3558.I217 D6 1987
|h Library of Congress classification
|i unmediated -- volume
|m A14811466915
|
| 998 |
f |
f |
|a PS3558.I217 D6 1987
|t 0
|l Evans: Library Stacks
|